000
00267nam a22000977a 4500
008
220620b ||||| |||| 00| 0 eng d
100
_a
David Feldman Galleries
245
_a
World Rarities & Important Collections (2011)
260
_b
Feldman Galleries
650
_a
Rarities
999
_c
3419
_d
3419